Sports Quiz

Random Sports or NHL Quiz

NHL Coaches Quiz Stats

 Plays Quiz Updated Jun 15, 2019

Score 0/31 Timer 05:00
4 Plays Today
Team Coach % Correct
Buffalo Sabres Ralph Krueger
66.7%
Toronto Maple Leafs Mike Babcock
63.7%
Detroit Red Wings Jeff Blashill
62.8%
Washington Capitals Todd Reirden
58%
New York Rangers David Quinn
57.3%
Calgary Flames Bill Peters
57.1%
Boston Bruins Bruce Cassidy
56.9%
Anaheim Ducks Dallas Eakins
54.9%
Pittsburgh Penguins Mike Sullivan
54.1%
Nashville Predators Peter Laviolette
53.8%
Arizona Coyotes Rick Tocchet
50.7%
Los Angeles Kings Todd McLellan
49.9%
Columbus Blue Jackets John Tortorella
49.3%
Edmonton Oilers Dave Tippett
49.2%
Montreal Canadiens Claude Julien
48.7%
Chicago Blackhawks Jeremy Colliton
48.3%
Team Coach % Correct
New Jersey Devils John Hynes
46.1%
Carolina Hurricanes Rod Brind'Amour
45.2%
Philadelphia Flyers Alain Vigneault
44.9%
Tampa Bay Lightning Jon Cooper
44.6%
Colorado Avalanche Jared Bednar
42.4%
St. Louis Blues Craig Berube
42.1%
Vancouver Canucks Travis Green
42%
Dallas Stars Jim Montgomery
39.7%
Vegas Golden KnightsGerard Gallant
39.5%
Minnesota Wild Bruce Boudreau
37.8%
Ottawa Senators D.J. Smith
36.6%
Winnipeg JetsPaul Maurice
33%
San Jose Sharks Peter DeBoer
32%
Florida Panthers Joel Quenneville
31%
New York Islanders Barry Trotz
29.7%

You're not logged in!

Compare scores with friends on all Sporcle quizzes.
OR
Log In

Sporcle TV

Today on Sporcle TV


Watch our educational content, quiz creation guides, and fun videos on Sporcle TV.

Show Comments

Extras

Top Quizzes Today


Score Distribution

Your Account Isn't Verified!

In order to create a playlist on Sporcle, you need to verify the email address you used during registration. Go to your Sporcle Settings to finish the process.

Report this User

Report this user for behavior that violates our Community Guidelines.

Details: